[Event "HUN-chT2 Barcza 1112 "]
[Site "Hungary"]
[Date "2012.04.22"]
[Round "9"]
[White "Balogh, Sandor"]
[Black "Szilagyi, Sandor"]
[Result "1-0"]
[WhiteElo "2174"]
[BlackElo "1970"]
[PlyCount "37"]
[EventDate "2011.09.25"]
[EventType "team-tourn"]
[EventRounds "11"]
[EventCountry "HUN"]
[SourceTitle "EXT 2013"]
[Source "ChessBase"]
[SourceDate "2012.11.22"]
[SourceVersion "1"]
[SourceVersionDate "2012.11.22"]
[SourceQuality "1"]
[WhiteTeam "Debrecen Betu"]
[BlackTeam "Balkany"]
[WhiteTeamCountry "HUN"]
[BlackTeamCountry "HUN"]

1. e4 c5 2. d4 e6 3. Nf3 h6 4. Nc3 a6 5. Bd3 Qc7 6. 0-0 c4 7. Be2 b5 8. d5 Bb7 9. e5 exd5 10. Nxd5 Bxd5 11. Qxd5 Qc6 12. Qd1 Qc8 13. a4 Nc6 14. Nd4 Nxd4 15. Qxd4 Bc5 16. Qe4 Rb8 17. Bf4 Ne7 18. e6 f5 19. Qe5 1-0

[Event "HUN-chT2 Barcza 0607"]
[Site "Hungary"]
[Date "2007.05.20"]
[Round "11"]
[White "Bemak, Mikhail"]
[Black "Szilagyi, Sandor"]
[Result "1-0"]
[WhiteElo "2171"]
[BlackElo "2030"]
[PlyCount "75"]
[EventDate "2006.11.12"]
[EventType "team"]
[EventRounds "11"]
[EventCountry "HUN"]
[SourceTitle "EXT 2008"]
[Source "ChessBase"]
[SourceDate "2007.11.25"]
[SourceVersion "1"]
[SourceVersionDate "2007.11.25"]
[SourceQuality "1"]
[WhiteTeam "Munkacs"]
[BlackTeam "Szabolcs Volan"]
[WhiteTeamCountry "HUN"]
[BlackTeamCountry "HUN"]

1. d4 Nf6 2. c4 e6 3. Nf3 c5 4. Nc3 a6 5. g3 Be7 6. Bg2 d6 7. 0-0 0-0 8. b3 Nc6 9. Bb2 Rb8 10. a4 b6 11. e3 Nb4 12. Qe2 Bb7 13. e4 Ne8 14. Rfe1 Nc7 15. Rad1 Qc8 16. Bh3 Qe8 17. Bf1 f6 18. Rd2 Rd8 19. Red1 Qh5 20. dxc5 bxc5 21. Bg2 e5 22. Ba3 a5 23. Bxb4 cxb4 24. Nd5 Bxd5 25. cxd5 Ra8 26. Rc1 Na6 27. Rc6 Nc5 28. Qc4 g5 29. Rxc5 dxc5 30. d6+ Kg7 31. dxe7 Rfe8 32. Rd7 Rac8 33. Nd2 Qg4 34. Qd5 Qd1+ 35. Bf1 Qa1 36. Qe6 c4 37. Nxc4 Qc3 38. Nd6 1-0

[Event "HUN-chT2 Barcza 0607"]
[Site "Hungary"]
[Date "2006.11.26"]
[Round "2"]
[White "Molnar, Mihaly"]
[Black "Szilagyi, Sandor"]
[Result "0-1"]
[WhiteElo "2084"]
[BlackElo "2030"]
[PlyCount "83"]
[EventDate "2006.11.12"]
[EventType "team"]
[EventRounds "11"]
[EventCountry "HUN"]
[SourceTitle "EXT 2008"]
[Source "ChessBase"]
[SourceDate "2007.11.25"]
[SourceVersion "1"]
[SourceVersionDate "2007.11.25"]
[SourceQuality "1"]
[WhiteTeam "Piremon"]
[BlackTeam "Szabolcs Volan"]
[WhiteTeamCountry "HUN"]
[BlackTeamCountry "HUN"]

1. e4 c5 2. Nf3 Nc6 3. Bc4 e6 4. Nc3 a6 5. a4 Nf6 6. h3 Be7 7. 0-0 0-0 8. d4 d5 9. exd5 exd5 10. Ba2 c4 11. b3 Bb4 12. Ne2 b5 13. Bb1 Bf5 14. Bg5 Be7 15. Ng3 Bg6 16. c3 Na5 17. b4 Nb3 18. Ra2 h6 19. Bxg6 fxg6 20. Be3 Bd6 21. Ne5 g5 22. Ne2 bxa4 23. f4 Ne4 24. fxg5 hxg5 25. Rf3 Qc7 26. Ng4 a5 27. bxa5 Qxa5 28. Qc2 a3 29. Nf2 Rxf3 30. gxf3 Nxf2 31. Kxf2 g4 32. Qg6 gxf3 33. Ng1 Qd8 34. Nxf3 Qf6 35. Qh5 Qf7 36. Qg4 Rf8 37. h4 Qf5 38. Qxf5 Rxf5 39. Ke2 Kf7 40. Ne1 Rh5 41. Bg5 Rxg5 42. hxg5 0-1

[Event "HUN-chT2 Barcza 0405"]
[Site "Hungary"]
[Date "2005.04.24"]
[Round "11"]
[White "Csolto, Tibor Jr"]
[Black "Szilagyi, Sandor"]
[Result "1-0"]
[WhiteElo "2131"]
[BlackElo "2104"]
[PlyCount "55"]
[EventDate "2004.09.26"]
[EventType "team"]
[EventRounds "11"]
[EventCountry "HUN"]
[SourceTitle "EXT 2009"]
[Source "ChessBase"]
[SourceDate "2008.11.26"]
[SourceVersion "1"]
[SourceVersionDate "2008.11.26"]
[SourceQuality "1"]
[WhiteTeam "Kazincbarcika"]
[BlackTeam "Szabolcs Volan"]
[WhiteTeamCountry "HUN"]
[BlackTeamCountry "HUN"]

1. e4 c5 2. Nf3 Nc6 3. d4 cxd4 4. Nxd4 d6 5. Nc3 Bd7 6. Be3 a6 7. Qd2 b5 8. f3 e6 9. Nxc6 Bxc6 10. 0-0-0 Qc7 11. Kb1 Be7 12. h4 Nf6 13. Ne2 e5 14. g4 Rc8 15. g5 Nxe4 16. fxe4 Bxe4 17. Bh3 Bxc2+ 18. Ka1 Bxd1 19. Rxd1 Rd8 20. Nc3 0-0 21. Nd5 Qb7 22. h5 Rfe8 23. g6 Bf8 24. Qg2 Kh8 25. gxh7 b4 26. Bg5 Rc8 27. h6 Rc5 28. Bf6 1-0

[Event "HUN-chT2 Barcza 0405"]
[Site "Hungary"]
[Date "2004.09.26"]
[Round "1"]
[White "Toviskes, Antal"]
[Black "Szilagyi, Sandor"]
[Result "1-0"]
[WhiteElo "1978"]
[BlackElo "2104"]
[PlyCount "83"]
[EventDate "2004.09.26"]
[EventType "team"]
[EventRounds "11"]
[EventCountry "HUN"]
[SourceTitle "EXT 2009"]
[Source "ChessBase"]
[SourceDate "2008.11.26"]
[SourceVersion "1"]
[SourceVersionDate "2008.11.26"]
[SourceQuality "1"]
[WhiteTeam "Hajduboszormeny II"]
[BlackTeam "Szabolcs Volan"]
[WhiteTeamCountry "HUN"]
[BlackTeamCountry "HUN"]

1. e4 c5 2. Nc3 Nc6 3. g3 e5 4. Bg2 d6 5. d3 a6 6. f4 Bd7 7. Nf3 Nge7 8. 0-0 exf4 9. Bxf4 Ng6 10. Be3 Be7 11. Qd2 0-0 12. Ng5 f6 13. Nh3 Qc8 14. Nf4 Nxf4 15. Rxf4 Ne5 16. Raf1 Ng6 17. Nd5 Qd8 18. R4f2 Be6 19. Qe2 Rb8 20. b3 b5 21. h4 Ne5 22. c3 a5 23. d4 Ng4 24. Nf4 Bd7 25. Rf3 Nxe3 26. Rxe3 Rf7 27. h5 Qc8 28. e5 Bg4 29. Qe1 cxd4 30. cxd4 Kh8 31. Bd5 Rf8 32. Rc3 Qd7 33. Rf2 dxe5 34. dxe5 Bb4 35. Qe4 f5 36. Qh1 g5 37. Ng6+ Kg7 38. Nxf8 Rxf8 39. h6+ Kh8 40. Rc6 Qa7 41. Kg2 Qe3 42. Qa1 1-0

[Event "Nyiregyhaza op"]
[Site "Nyiregyhaza"]
[Date "2004.07.14"]
[Round "5"]
[White "Palasti, Ferenc"]
[Black "Szilagyi, Sandor"]
[Result "1-0"]
[WhiteElo "2105"]
[BlackElo "2104"]
[PlyCount "111"]
[EventDate "2004.07.10"]
[EventType "swiss"]
[EventRounds "9"]
[EventCountry "HUN"]
[SourceTitle "EXT 2008"]
[Source "ChessBase"]
[SourceDate "2007.11.25"]
[SourceVersion "1"]
[SourceVersionDate "2007.11.25"]
[SourceQuality "1"]

1. Nf3 d5 2. d4 g6 3. g3 Bg7 4. Bg2 Nf6 5. 0-0 0-0 6. Nbd2 Na6 7. c4 e6 8. Ne5 c6 9. Ndf3 Ne4 10. b3 f6 11. Nd3 Re8 12. Bb2 Bd7 13. Nd2 f5 14. Nf3 Rc8 15. Nfe5 Nc7 16. f3 Ng5 17. Nc5 Bxe5 18. Nxb7 Qe7 19. dxe5 Ra8 20. Qc1 Nf7 21. Ba3 Qg5 22. f4 Qh6 23. Nd6 Reb8 24. Qc3 a5 25. Rfd1 Ne8 26. Nxf7 Kxf7 27. Qd4 Qg7 28. Rac1 Kg8 29. cxd5 Rd8 30. dxe6 Bxe6 31. Qb6 Bd5 32. Bxd5+ cxd5 33. Qc6 Qa7+ 34. Kf1 Kg7 35. Qe6 Qf7 36. Qxf7+ Kxf7 37. Rc6 Ra7 38. Rdc1 a4 39. e6+ Kg7 40. Bb2+ Kh6 41. Rc8 Rxc8 42. Rxc8 Re7 43. b4 Rxe6 44. Ra8 Kh5 45. h3 h6 46. Rxa4 g5 47. Be5 Nf6 48. Bxf6 Rxf6 49. b5 d4 50. Rxd4 g4 51. h4 Rf8 52. a4 Rb8 53. Rb4 Rb7 54. a5 Rb8 55. b6 Rb7 56. Rb5 1-0

[Event "HUN-chT2 Barcza 0304"]
[Site "Hungary"]
[Date "2004.04.18"]
[Round "11"]
[White "Szilagyi, Sandor"]
[Black "Czina, Tivadar"]
[Result "0-1"]
[WhiteElo "2084"]
[BlackElo "2170"]
[PlyCount "68"]
[EventDate "2003.08.29"]
[EventType "team"]
[EventRounds "11"]
[EventCountry "HUN"]
[SourceTitle "EXT 2009"]
[Source "ChessBase"]
[SourceDate "2008.11.26"]
[SourceVersion "1"]
[SourceVersionDate "2008.11.26"]
[SourceQuality "1"]
[WhiteTeam "Szabolcs Volan"]
[BlackTeam "Kazincbarcika"]
[WhiteTeamCountry "HUN"]
[BlackTeamCountry "HUN"]

1. c4 c6 2. Nc3 d5 3. e3 Nf6 4. d4 e6 5. a3 Nbd7 6. c5 e5 7. b4 Be7 8. Bd3 0-0 9. Bf5 g6 10. Bh3 Re8 11. Nge2 e4 12. 0-0 Nf8 13. Bxc8 Rxc8 14. Nf4 g5 15. Nh5 Ng6 16. g3 Qd7 17. Nxf6+ Bxf6 18. Kg2 Kh8 19. h3 Rg8 20. Kh2 Rcf8 21. Qg4 Qc7 22. a4 Nh4 23. b5 Nf3+ 24. Kg2 Bd8 25. b6 axb6 26. cxb6 Qxb6 27. Ba3 f5 28. Qh5 Rf6 29. Bd6 Rxd6 30. a5 Qc7 31. Rfc1 Qg7 32. a6 bxa6 33. Rxa6 Rh6 34. Qe8 Rxe8 0-1

[Event "HUN-chT2 Barcza 0304"]
[Site "Hungary"]
[Date "2003.11.16"]
[Round "3"]
[White "Nagy, Sandor"]
[Black "Szilagyi, Sandor"]
[Result "1-0"]
[WhiteElo "2103"]
[BlackElo "2084"]
[PlyCount "109"]
[EventDate "2003.08.29"]
[EventType "team"]
[EventRounds "11"]
[EventCountry "HUN"]
[SourceTitle "EXT 2009"]
[Source "ChessBase"]
[SourceDate "2008.11.26"]
[SourceVersion "1"]
[SourceVersionDate "2008.11.26"]
[SourceQuality "1"]
[WhiteTeam "DEAC"]
[BlackTeam "Szabolcs Volan"]
[WhiteTeamCountry "HUN"]
[BlackTeamCountry "HUN"]

1. d4 Nf6 2. c4 e6 3. Nf3 c5 4. Nc3 a6 5. a3 Be7 6. e4 d5 7. exd5 exd5 8. dxc5 Bxc5 9. Nxd5 0-0 10. Nxf6+ Qxf6 11. Be2 Nc6 12. 0-0 Bf5 13. Qb3 b6 14. Bg5 Qg6 15. Qc3 Rfe8 16. Rfe1 h6 17. Bf4 Qg4 18. Bg3 Nd4 19. Nxd4 Qxd4 20. Qc1 Re6 21. b4 Bf8 22. Bf1 Rc8 23. Qf4 Qf6 24. Rxe6 Qxe6 25. Qe5 Qg6 26. Rc1 Bd3 27. Bxd3 Qxd3 28. Qc3 Qf5 29. f3 g5 30. Bf2 Rc6 31. Bd4 h5 32. Qe3 a5 33. Bxb6 axb4 34. axb4 Re6 35. Qd4 Rd6 36. Qf2 Bg7 37. Be3 Qd7 38. Qe2 Re6 39. Rd1 Qa4 40. Rd8+ Bf8 41. Qd2 Kg7 42. Bd4+ f6 43. Bc3 Qa7+ 44. c5 Qe7 45. Qxg5+ Kh7 46. Qd2 Kg6 47. Qd3+ f5 48. Rd6 Qf7 49. Rxe6+ Qxe6 50. Kf2 h4 51. Qe3 Qc6 52. Qe5 h3 53. g4 fxg4 54. Qe4+ Qxe4 55. fxe4 1-0

[Event "HUN-chT2 Barcza 0304"]
[Site "Hungary"]
[Date "2003.09.28"]
[Round "1"]
[White "Szilagyi, Sandor"]
[Black "Vajda, Andras"]
[Result "1/2-1/2"]
[WhiteElo "2084"]
[BlackElo "2056"]
[PlyCount "75"]
[EventDate "2003.08.29"]
[EventType "team"]
[EventRounds "11"]
[EventCountry "HUN"]
[SourceTitle "EXT 2009"]
[Source "ChessBase"]
[SourceDate "2008.11.26"]
[SourceVersion "1"]
[SourceVersionDate "2008.11.26"]
[SourceQuality "1"]
[WhiteTeam "Szabolcs Volan"]
[BlackTeam "Tiszaujvaros"]
[WhiteTeamCountry "HUN"]
[BlackTeamCountry "HUN"]

1. c4 e6 2. Nc3 c5 3. e4 Nc6 4. d3 Qc7 5. f4 Nd4 6. Nf3 a6 7. Be3 Ne7 8. g3 Nec6 9. a3 h6 10. Bg2 d6 11. 0-0 Be7 12. Rb1 Bf6 13. Ne2 0-0 14. b4 Nxe2+ 15. Qxe2 Nd4 16. Nxd4 cxd4 17. Bd2 e5 18. f5 Kh7 19. h4 Qe7 20. Qh5 Rg8 21. Kh2 g5 22. Rf2 Qf8 23. Bh3 Qg7 24. hxg5 Bxg5 25. Bxg5 Qxg5 26. Qxg5 Rxg5 27. Rc1 Bd7 28. c5 Rd8 29. Bf1 Bc6 30. Be2 d5 31. Bf3 Bb5 32. Rd2 dxe4 33. dxe4 Bc6 34. g4 Kg8 35. Kg3 Kg7 36. Rh1 Rh8 37. Kf2 Kf6 38. Ke1 1/2-1/2

[Event "Nyiregyhaza op"]
[Site "Nyiregyhaza"]
[Date "2003.07.08"]
[Round "4"]
[White "Szilagyi, Sandor"]
[Black "Kiss, Balazs"]
[Result "1/2-1/2"]
[WhiteElo "2084"]
[BlackElo "2005"]
[PlyCount "140"]
[EventDate "2003.07.05"]
[EventType "swiss"]
[EventRounds "9"]
[EventCountry "HUN"]
[SourceTitle "EXT 2005"]
[Source "ChessBase"]
[SourceDate "2004.11.15"]
[SourceVersion "1"]
[SourceVersionDate "2004.11.15"]
[SourceQuality "1"]

1. c4 e5 2. Nc3 Nc6 3. a3 g6 4. g3 Bg7 5. Bg2 d6 6. e3 Nf6 7. Nge2 0-0 8. 0-0 Ne7 9. b4 d5 10. c5 c6 11. Bb2 Nh5 12. d4 e4 13. Qb3 Bh6 14. b5 Bg4 15. Nf4 Qc8 16. Rae1 Nxf4 17. exf4 Bg7 18. Ne2 Nf5 19. Qd1 Re8 20. h3 Bxe2 21. Rxe2 e3 22. Rfe1 exf2+ 23. Kxf2 Qd7 24. bxc6 bxc6 25. g4 Nh6 26. Bf3 Kf8 27. Bc1 Rxe2+ 28. Rxe2 Re8 29. Rxe8+ Qxe8 30. Be3 Qd7 31. a4 Qb7 32. Qd2 Ng8 33. a5 Nf6 34. Qc2 Qb4 35. a6 Qa3 36. g5 Ne8 37. Be2 Qb4 38. Qd3 f5 39. gxf6 Nxf6 40. Bf3 Qb2+ 41. Kg3 Kf7 42. f5 Ng8 43. fxg6+ hxg6 44. Bf2 Nh6 45. Bg4 Qb8+ 46. Kg2 Nxg4 47. hxg4 Qf4 48. Qf3 Qf6 49. Qg3 Qe7 50. Qf4+ Kg8 51. Kf3 Kh7 52. g5 Qe6 53. Qg4 Qf7+ 54. Ke2 Qe7+ 55. Be3 Qc7 56. Bd2 Qh2+ 57. Kd3 Qf2 58. Qh3+ Kg8 59. Be3 Qe1 60. Qc8+ Kh7 61. Qh3+ Kg8 62. Qc8+ Kh7 63. Qb7 Qd1+ 64. Bd2 Qf1+ 65. Kc2 Qc4+ 66. Bc3 Qe2+ 67. Kb1 Qd1+ 68. Ka2 Qc2+ 69. Bb2 Qa4+ 70. Kb1 Qd1+ 1/2-1/2

[Event "Nyiregyhaza op"]
[Site "Nyiregyhaza"]
[Date "2003.07.05"]
[Round "1"]
[White "Sipos, Istvan"]
[Black "Szilagyi, Sandor"]
[Result "1-0"]
[WhiteElo "2248"]
[BlackElo "2084"]
[PlyCount "44"]
[EventDate "2003.07.05"]
[EventType "swiss"]
[EventRounds "9"]
[EventCountry "HUN"]
[SourceTitle "EXT 2005"]
[Source "ChessBase"]
[SourceDate "2004.11.15"]
[SourceVersion "1"]
[SourceVersionDate "2004.11.15"]
[SourceQuality "1"]

1. e4 c5 2. Nf3 a6 3. c3 e6 4. d4 h6 5. Bd3 d5 6. exd5 exd5 7. 0-0 c4 8. Re1+ Be7 9. Bc2 Nc6 10. b3 b5 11. a4 Be6 12. axb5 axb5 13. Rxa8 Qxa8 14. bxc4 bxc4 15. Ba4 Bd7 16. Ba3 Ne5 17. Nxe5 Qxa4 18. Qe2 Bf5 19. Bxe7 Bxb1 20. Rxb1 Nxe7 21. Rb8+ Nc8 22. Rxc8+ Ke7 1-0

[Event "HUN-chT2 Barcza 0203"]
[Site "Hungary"]
[Date "2003.04.13"]
[Round "11"]
[White "Virag, Attila Aba"]
[Black "Szilagyi, Sandor"]
[Result "1/2-1/2"]
[WhiteElo "2121"]
[BlackElo "2111"]
[PlyCount "46"]
[EventDate "2002.09.22"]
[EventType "team"]
[EventRounds "11"]
[EventCountry "HUN"]
[SourceTitle "EXT 2009"]
[Source "ChessBase"]
[SourceDate "2008.11.26"]
[SourceVersion "1"]
[SourceVersionDate "2008.11.26"]
[SourceQuality "1"]

1. e4 c5 2. Nf3 Nc6 3. d4 cxd4 4. Nxd4 a6 5. Nc3 e6 6. Be2 Bb4 7. 0-0 Nge7 8. Kh1 0-0 9. f4 Nxd4 10. Qxd4 Nc6 11. Qd3 Bc5 12. f5 Ne5 13. Qg3 f6 14. Bf4 d6 15. Rad1 Qe7 16. fxe6 Bxe6 17. Nd5 Bxd5 18. exd5 b5 19. Rfe1 Qa7 20. Qh3 Qd7 21. Qxd7 Nxd7 22. Bg4 Ne5 23. Be6+ Kh8 1/2-1/2

[Event "HUN-chT2 Barcza 0203"]
[Site "Hungary"]
[Date "2002.10.13"]
[Round "2"]
[White "Toviskes, Antal"]
[Black "Szilagyi, Sandor"]
[Result "0-1"]
[WhiteElo "1870"]
[BlackElo "2111"]
[PlyCount "100"]
[EventDate "2002.09.22"]
[EventType "team"]
[EventRounds "11"]
[EventCountry "HUN"]
[SourceTitle "EXT 2009"]
[Source "ChessBase"]
[SourceDate "2008.11.26"]
[SourceVersion "1"]
[SourceVersionDate "2008.11.26"]
[SourceQuality "1"]

1. e4 c5 2. Nc3 e5 3. g3 d6 4. Bg2 Nc6 5. d3 a6 6. f4 b5 7. Nf3 Bg4 8. Ne2 Be7 9. 0-0 Qd7 10. Qe1 h5 11. fxe5 dxe5 12. Be3 Nf6 13. Nc3 Bxf3 14. Rxf3 Nd4 15. Bxd4 Qxd4+ 16. Qf2 h4 17. Qxd4 cxd4 18. Nd5 Nxd5 19. exd5 Rc8 20. Rf2 Bg5 21. Re2 Be3+ 22. Kf1 hxg3 23. hxg3 f5 24. c3 g5 25. a4 f4 26. gxf4 gxf4 27. axb5 axb5 28. Rc2 Ke7 29. Ra5 b4 30. c4 b3 31. Re2 Rcg8 32. Ra7+ Kf6 33. Ra6+ Kf5 34. Be4+ Kg4 35. Rg2+ Kh4 36. Rh2+ Kg3 37. Rxh8 Rxh8 38. Rg6+ Kh4 39. d6 Bc1 40. Rg2 Rf8 41. Bf3 e4 42. Bxe4 f3 43. Rf2 Kg3 44. d7 Bg5 45. c5 Bd8 46. c6 Bc7 47. Kg1 Ba5 48. Bd5 Bc7 49. Bxb3 Rh8 50. Rc2 Bf4 0-1